000 00700nam a2200301Ia 4500
008 170203s9999 xx 000 0 und d
020 _a0-439164567
050 _aFic
050 _bK84i
100 _aKorman, Gordon.
245 _aIsland /
245 _cGordon Korman.
260 _aNew York :
260 _bScholastic,
260 _c2001
300 _a129 pages ;
300 _c20 cm.
440 _aIsland,
440 _vbk. 1.
500 _a"An Apple paperback."
650 _a Fiction.
650 _aShipwrecks --
650 _aShipwrecks.
650 _aWilderness survival --
650 _xFiction.
650 _xFiction.
650 _xIslands of the Pacific --
999 _c306675
_d306675